[Event "Elit(Limhamn-Orgryte)"]
[Site "?"]
[Date "2010.11.13"]
[Round "4"]
[White "Tadjerbashi, Amir"]
[Black "Eksmyr, Johan"]
[Result "1/2-1/2"]
[WhiteElo "2228"]
[BlackElo "2165"]
[PlyCount "116"]

1. e4 c6 2. d4 d5 3. Nc3 dxe4 4. Nxe4 Nf6 5. Nxf6+ gxf6 6. c3 Bf5 7. Nf3 Qc7 8.
g3 Nd7 9. Bg2 Bg7 10. O-O O-O 11. Nh4 Be6 12. Qh5 Rfe8 13. Be4 Nf8 14. Bh6 Qd7
15. Bxg7 Kxg7 16. Bf5 Qd5 17. Rfe1 Ng6 18. c4 Qxc4 19. Rxe6 Qxd4 20. Re2 e6 21.
Bxg6 hxg6 22. Qf3 Rad8 23. Ng2 Rd7 24. Ne3 Red8 25. Rd1 Qa4 26. Rxd7 Rxd7 27.
b3 Qd4 28. Kg2 a5 29. h4 a4 30. bxa4 Qxa4 31. Ng4 Qd4 32. Re4 Qa1 33. Qf4 f5
34. Qh6+ Kg8 35. Re1 Qc3 36. Rc1 Qb2 37. Rc2 Qa1 38. Ne3 Qd4 39. Rc4 Qd2 40.
Qf4 Kg7 41. Qe5+ Kf8 42. Ra4 Ke7 43. Ra8 Qd4 44. Qb8 Qe4+ 45. Kh2 b5 46. Qf8+
Kf6 47. Re8 Ke5 48. Qc5+ Kf6 49. Qc3+ e5 50. f4 Rd3 51. Qxe5+ Qxe5 52. fxe5+
Kg7 53. e6 fxe6 54. Rxe6 Kf7 55. Re5 Kf6 56. Re8 Rd2+ 57. Kh3 Rxa2 58. Rc8 Ra6
1/2-1/2

[Event "Elit(Solna-Team Viking)"]
[Site "?"]
[Date "2010.11.13"]
[Round "4"]
[White "Lindberg, Bengt"]
[Black "Semcesen, Daniel"]
[Result "0-1"]
[WhiteElo "2460"]
[BlackElo "2486"]
[PlyCount "64"]

1. e4 e5 2. Nf3 Nc6 3. Bb5 Nf6 4. d3 Bc5 5. c3 O-O 6. h3 d6 7. Nbd2 a6 8. Ba4
Ba7 9. Nf1 Ne7 10. Qe2 Ng6 11. g3 b5 12. Bc2 d5 13. Ne3 Re8 14. h4 c5 15. h5
Nf8 16. Nh4 Ne6 17. Nhf5 dxe4 18. dxe4 c4 19. Ng4 Nxg4 20. Qxg4 Qf6 21. Qe2 Nd4
22. cxd4 exd4 23. g4 d3 24. Bxd3 cxd3 25. Qxd3 Bxf5 26. gxf5 Qxf5 27. f3 Qc5
28. Rf1 Rad8 29. Qb3 Qxh5 30. a4 Qh4+ 31. Ke2 Qh2+ 32. Ke1 Qg3+ 0-1

[Event "Elit(Solna-Team Viking)"]
[Site "?"]
[Date "2010.11.13"]
[Round "4"]
[White "Sagit, Rauan"]
[Black "Johansson, Gunnar"]
[Result "1/2-1/2"]
[WhiteElo "2458"]
[BlackElo "2272"]
[PlyCount "86"]

1. e4 c5 2. Nf3 e6 3. d4 cxd4 4. Nxd4 Nc6 5. Nb5 d6 6. c4 Nf6 7. N1c3 a6 8. Na3
b6 9. Be3 Bb7 10. Be2 Be7 11. O-O O-O 12. f3 Re8 13. Na4 Nd7 14. Qd2 d5 15.
cxd5 exd5 16. Qxd5 Na5 17. Qd2 b5 18. Nb6 Nxb6 19. Qxa5 Na4 20. Nc4 Qb8 21. b3
Bf6 22. bxa4 Bxa1 23. Nb6 Be5 24. Nxa8 Bxh2+ 25. Kh1 Bxa8 26. Qxa6 bxa4 27.
Qxa4 h6 28. Bc4 Bg3 29. Qd7 Rf8 30. Qg4 Kh8 31. Rc1 Bc7 32. Qf5 Qd8 33. Qh5 Qf6
34. Bb3 Be5 35. Rc5 Bd4 36. Bxd4 Qxd4 37. Qe5 Qd8 38. Rc7 Qh4+ 39. Kg1 Qe1+ 40.
Kh2 Qh4+ 41. Kg1 Qe1+ 42. Kh2 Qh4+ 43. Kg1 Qe1+ 1/2-1/2

[Event "Elit(Solna-Team Viking)"]
[Site "?"]
[Date "2010.11.13"]
[Round "4"]
[White "Bergstrom, Christer"]
[Black "Lindberg, Bo"]
[Result "1-0"]
[WhiteElo "2370"]
[BlackElo "2441"]
[PlyCount "47"]

1. Nf3 g6 2. e4 Bg7 3. d4 d6 4. Bc4 c6 5. Nc3 Nf6 6. O-O Nxe4 7. Bxf7+ Kxf7 8.
Nxe4 h6 9. Re1 Rf8 10. Nh4 e5 11. Qf3+ Kg8 12. Qg3 g5 13. Ng6 Re8 14. h4 exd4
15. hxg5 Bf5 16. Nf6+ Bxf6 17. Ne7+ Bxe7 18. gxh6+ Bg5 19. Bxg5 Rxe1+ 20. Rxe1
Qc8 21. Bd8+ Bg4 22. Re8+ Kh7 23. Re7+ Kh8 24. Qxd6 1-0

[Event "Elit(Solna-Team Viking)"]
[Site "?"]
[Date "2010.11.13"]
[Round "4"]
[White "Volodin, Aleksandr"]
[Black "Bjarnehag, Peter"]
[Result "1-0"]
[WhiteElo "2440"]
[BlackElo "2216"]
[PlyCount "75"]

1. d4 e6 2. c4 b6 3. Nf3 Bb7 4. a3 Nf6 5. Nc3 d5 6. cxd5 Nxd5 7. Bd2 Be7 8. Qc2
Nxc3 9. Bxc3 O-O 10. Rd1 Qd5 11. e3 Nd7 12. Be2 Nf6 13. O-O Rfc8 14. Ne1 Qf5
15. Bd3 Be4 16. f3 Bxd3 17. Nxd3 c5 18. e4 Qh5 19. d5 exd5 20. e5 Ne8 21. Nf4
Qh6 22. Nxd5 Bf8 23. f4 Nc7 24. Nxc7 Rxc7 25. Rf3 Qc6 26. Rh3 h6 27. Rg3 Rd7
28. Re1 Re8 29. f5 Qd5 30. Qc1 Kh7 31. Qc2 Kg8 32. f6 b5 33. fxg7 Be7 34. e6
Bh4 35. exf7+ Qxf7 36. Rf1 Qe6 37. Rf8+ Rxf8 38. Qh7+ 1-0

[Event "Elit(Solna-Team Viking)"]
[Site "?"]
[Date "2010.11.13"]
[Round "4"]
[White "Couso, Luis"]
[Black "Cramling, Dan"]
[Result "0-1"]
[WhiteElo "2261"]
[BlackElo "2419"]
[PlyCount "75"]

1. Nf3 c5 2. c4 g6 3. g3 Bg7 4. Bg2 Nc6 5. Nc3 d6 6. d3 Qd7 7. Rb1 b6 8. h4 h6
9. a3 Bxc3+ 10. bxc3 Bb7 11. e4 e6 12. Nh2 O-O-O 13. Nf1 f5 14. Ne3 Nf6 15.
exf5 gxf5 16. d4 Rhg8 17. d5 Ne5 18. a4 f4 19. gxf4 Nxc4 20. dxe6 Qh7 21. Bxb7+
Qxb7 22. Rf1 Qe4 23. Ra1 Qxe6 24. Qe2 Rde8 25. Qd3 Ng4 26. Kd1 Nxf2+ 27. Rxf2
Rg1+ 28. Rf1 Nxe3+ 29. Bxe3 Rxf1+ 30. Qxf1 Qxe3 31. Kc2 Qe4+ 32. Kb2 Qe2+ 33.
Kb3 Qe6+ 34. Ka3 Qe3 35. Qc4 Re4 36. Qg8+ Kb7 37. Qd5+ Ka6 38. Kb2 0-1

[Event "Elit(Kamraterna-Manhem)"]
[Site "?"]
[Date "2010.11.13"]
[Round "4"]
[White "Hamark, Jesper"]
[Black "Hultin, Johan"]
[Result "1-0"]
[WhiteElo "2404"]
[BlackElo "2381"]
[PlyCount "59"]

1. c4 Nf6 2. g3 c6 3. Bg2 d5 4. Nf3 Bf5 5. cxd5 cxd5 6. Qb3 Qb6 7. Nc3 Qxb3 8.
axb3 Nc6 9. d3 e6 10. O-O Be7 11. Be3 O-O 12. Nd4 Nxd4 13. Bxd4 a6 14. e4 Bg6
15. exd5 Nxd5 16. Nxd5 exd5 17. Rfe1 Bb4 18. Bc3 Bxc3 19. bxc3 Bxd3 20. Bxd5
Rab8 21. c4 Rfc8 22. Re7 b5 23. Rxf7 bxc4 24. Rf4+ Kh8 25. bxc4 g5 26. Rg4 h6
27. Rd4 Rb1+ 28. Rxb1 Bxb1 29. Bb7 Re8 30. Rd1 1-0

[Event "Elit(Kamraterna-Manhem)"]
[Site "?"]
[Date "2010.11.13"]
[Round "4"]
[White "Aberg, Anton"]
[Black "Akesson, Joel"]
[Result "1/2-1/2"]
[WhiteElo "2439"]
[BlackElo "2367"]
[PlyCount "78"]

1. e4 e6 2. d4 d5 3. e5 c5 4. c3 Qb6 5. Nf3 Nc6 6. Be2 Bd7 7. dxc5 Bxc5 8. O-O
Qc7 9. Bf4 Nge7 10. b4 Ng6 11. Bg3 Be7 12. Na3 a6 13. Re1 Na5 14. Qc1 Nc4 15.
Nxc4 dxc4 16. a4 Bc6 17. Nd4 Bd5 18. Bd1 Bh4 19. Qe3 Rd8 20. a5 O-O 21. Bc2 Qe7
22. Rad1 Qg5 23. f4 Qh6 24. Qf2 Bxg3 25. hxg3 Ne7 26. Re3 f5 27. exf6 Rxf6 28.
Qe2 Nc6 29. Nxc6 bxc6 30. Re5 g6 31. Qe3 Qf8 32. Qb6 Ra8 33. Rd4 Qb8 34. Qc5
Qb5 35. Qd6 Raf8 36. Kh2 Qb8 37. Qc5 Qb5 38. Qd6 Qb8 39. Qc5 Qb5 1/2-1/2

[Event "Elit(Kamraterna-Manhem)"]
[Site "?"]
[Date "2010.11.13"]
[Round "4"]
[White "Moberg, Karl Johan"]
[Black "Svenn, Gosta"]
[Result "1/2-1/2"]
[WhiteElo "2317"]
[BlackElo "2351"]
[PlyCount "84"]
[EventDate "2010.??.??"]

1. d4 Nf6 2. c4 d6 3. Nc3 Nbd7 4. e4 e5 5. d5 Be7 6. Bd3 O-O 7. h3 c6 8. Be3
cxd5 9. cxd5 Ne8 10. Nf3 g6 11. g4 Ng7 12. Rg1 Nf6 13. Qe2 Nfe8 14. O-O-O Kh8
15. Bh6 a6 16. Kb1 b5 17. Rc1 Nf6 18. Nd1 Bd7 19. Bd2 Rc8 20. Ne3 Rxc1+ 21.
Rxc1 Qb6 22. Qe1 Rc8 23. Rxc8+ Bxc8 24. Ba5 Qb7 25. Nd2 Nfe8 26. Nb3 Bh4 27.
Bd2 Qe7 28. Ng2 Bg5 29. Na5 Bxd2 30. Qxd2 Qf6 31. Qe3 h5 32. g5 Qe7 33. Nc6 Qd7
34. h4 Qg4 35. Bf1 Qd1+ 36. Qc1 Qf3 37. Qe3 Qd1+ 38. Qc1 Qf3 39. Qe3 Qd1+ 40.
Qc1 Qf3 41. Qe3 Qd1+ 42. Qc1 Qf3 1/2-1/2

[Event "Elit(Kamraterna-Manhem)"]
[Site "?"]
[Date "2010.11.13"]
[Round "4"]
[White "Akbarinia, Arash"]
[Black "Carlhammar, Magnus"]
[Result "1/2-1/2"]
[WhiteElo "2300"]
[BlackElo "2308"]
[PlyCount "99"]

1. d4 d6 2. Nf3 Nf6 3. c4 Nbd7 4. g3 e5 5. Bg2 Be7 6. O-O O-O 7. Qc2 c6 8. c5
Qc7 9. cxd6 Bxd6 10. Nc3 Re8 11. e4 h6 12. Kh1 Qa5 13. dxe5 Nxe5 14. Nxe5 Bxe5
15. Bd2 Qc5 16. f4 Bc7 17. Rae1 Qh5 18. Bc1 Bh3 19. Bxh3 Qxh3 20. Qg2 Qxg2+ 21.
Kxg2 Rad8 22. e5 Nd5 23. Nxd5 Rxd5 24. Rd1 Red8 25. Rxd5 Rxd5 26. Kf3 Kf8 27.
Be3 Bb6 28. Bxb6 axb6 29. Rf2 Ke7 30. Ke4 f6 31. exf6+ Kxf6 32. g4 Rd1 33. h4
Re1+ 34. Kf3 Rd1 35. Re2 Rd3+ 36. Ke4 Rd7 37. g5+ hxg5 38. hxg5+ Kg6 39. Kf3 b5
40. Kg4 Kf7 41. f5 Rd4+ 42. Kf3 Rd5 43. Kg4 Rd4+ 44. Kh5 Rd1 45. Rf2 Rd4 46. b3
Rd1 47. Kg4 Rd4+ 48. Kf3 Rd1 49. Kg4 Rd4+ 50. Kh5 1/2-1/2

[Event "Elit(Kamraterna-Manhem)"]
[Site "?"]
[Date "2010.11.13"]
[Round "4"]
[White "Fendrich, David"]
[Black "Svenn, Matti"]
[Result "1/2-1/2"]
[WhiteElo "2281"]
[BlackElo "2253"]
[PlyCount "105"]

1. g3 d5 2. c4 e6 3. Bg2 Nf6 4. Nf3 c5 5. O-O Nc6 6. e3 Be7 7. b3 O-O 8. Qe2 b6
9. Bb2 Bb7 10. Nc3 dxc4 11. bxc4 Qc7 12. Rfd1 Rac8 13. Rac1 Rfd8 14. d4 Ba6 15.
Nb5 Qb8 16. Ng5 h6 17. d5 exd5 18. cxd5 Nb4 19. Bxf6 Bxf6 20. Ne4 Nxa2 21.
Nxf6+ gxf6 22. Qxa2 Bxb5 23. Ra1 a6 24. Bh3 Bd7 25. Bxd7 Rxd7 26. Qxa6 Rd6 27.
Rab1 c4 28. Rd4 Qc7 29. Rc1 c3 30. Rc2 Rcd8 31. Qd3 Rc8 32. e4 Qc5 33. Ra4 b5
34. Ra5 Rb6 35. d6 Qb4 36. d7 Rd8 37. Raa2 Rd6 38. Qxc3 Qxc3 39. Rxc3 R8xd7 40.
Ra8+ Kg7 41. Rb8 Rd4 42. f3 Rc4 43. Rxc4 bxc4 44. Rc8 Rd3 45. Kg2 Rd2+ 46. Kh3
Rf2 47. f4 Rc2 48. Kg4 Rxh2 49. Rxc4 Ra2 50. Rc6 Ra5 51. Rd6 Rb5 52. Rd5 Rb3
53. Ra5 1/2-1/2

[Event "Elit(Kamraterna-Manhem)"]
[Site "?"]
[Date "2010.11.13"]
[Round "4"]
[White "Madebrink, Lars"]
[Black "Kinnmark, Ove"]
[Result "1/2-1/2"]
[WhiteElo "2239"]
[BlackElo "2274"]
[PlyCount "30"]

1. Nf3 Nf6 2. c4 e6 3. g3 d5 4. Bg2 Be7 5. O-O O-O 6. d4 dxc4 7. Ne5 Nc6 8.
Nxc6 bxc6 9. Bxc6 Rb8 10. Bg2 Nd5 11. Nc3 Qd7 12. Ne4 Rd8 13. Nc5 Qb5 14. Na4
Qd7 15. Nc5 Qb5 1/2-1/2

[Event "Elit(Vasteras-Rockaden)"]
[Site "?"]
[Date "2010.11.13"]
[Round "4"]
[White "Blomqvist, Erik"]
[Black "Eriksson, Johan"]
[Result "1/2-1/2"]
[WhiteElo "2509"]
[BlackElo "2445"]
[PlyCount "71"]
[SourceDate "2010.11.19"]

1. e4 c5 2. Nf3 d6 3. d4 cxd4 4. Nxd4 Nf6 5. Nc3 a6 6. Bg5 e6 7. f4 Qb6 8. Qd2
Qxb2 9. Rb1 Qa3 10. f5 Nc6 11. fxe6 fxe6 12. Nxc6 bxc6 13. Be2 Be7 14. O-O O-O
15. Rb3 Qc5+ 16. Kh1 Qa7 17. e5 dxe5 18. Bxf6 Rxf6 19. Rxf6 Bxf6 20. Ne4 Be7
21. Rd3 Qb6 22. h3 Rb8 23. Bg4 c5 24. Qc3 Qc7 25. a3 c4 26. Rd1 Bd7 27. Nd2 Bb5
28. Bxe6+ Kh8 29. Nxc4 Bxc4 30. Qxc4 Qxc4 31. Bxc4 Bxa3 32. Bxa6 Bc5 33. Bd3
Bd4 34. g3 Rf8 35. Rf1 Rxf1+ 36. Bxf1 1/2-1/2

[Event "Elit(Vasteras-Rockaden)"]
[Site "?"]
[Date "2010.11.13"]
[Round "4"]
[White "Eriksson, Anders"]
[Black "Karlsson, Lars"]
[Result "0-1"]
[WhiteElo "2345"]
[BlackElo "2540"]
[PlyCount "110"]

1. Nf3 d6 2. d4 g6 3. g3 Bg7 4. c4 Nc6 5. Bg2 Bg4 6. e3 Nf6 7. Qb3 Qc8 8. h3
Bd7 9. Nc3 O-O 10. Nd5 e5 11. dxe5 Nxd5 12. cxd5 Nxe5 13. Nxe5 Bxe5 14. Bd2 c5
15. dxc6 bxc6 16. Bc3 Re8 17. Bxe5 Rxe5 18. Qd3 d5 19. f4 Bf5 20. Qc3 Re8 21.
Kf2 Rb8 22. b3 Qe6 23. g4 Be4 24. Rhe1 c5 25. Rac1 Bxg2 26. Kxg2 Rbc8 27. Kg3
Qd6 28. Qd3 Re4 29. Rcd1 Rce8 30. Kf3 Qe7 31. Qxd5 Rxe3+ 32. Rxe3 Qxe3+ 33. Kg2
Qxf4 34. Qf3 Qe5 35. Rd7 Qe2+ 36. Qxe2 Rxe2+ 37. Kg3 Rxa2 38. Kf4 Rb2 39. Rxa7
Rxb3 40. h4 Rb4+ 41. Kg3 h6 42. Rc7 Rc4 43. h5 Kg7 44. Rc6 gxh5 45. gxh5 Rc1
46. Kf3 c4 47. Ke3 c3 48. Kd3 c2 49. Rc5 Kf6 50. Kd2 Rd1+ 51. Kxc2 Rd6 52. Kc3
Ke6 53. Ra5 f5 54. Ra1 f4 55. Rg1 Kf5 0-1

[Event "Elit(Vasteras-Rockaden)"]
[Site "?"]
[Date "2010.11.13"]
[Round "4"]
[White "Nilsson, Andre"]
[Black "Hermansson, Emil"]
[Result "1/2-1/2"]
[WhiteElo "2307"]
[BlackElo "2458"]
[PlyCount "101"]

1. g3 d5 2. Bg2 Nf6 3. d3 e5 4. Nf3 Bd6 5. O-O O-O 6. c4 dxc4 7. dxc4 e4 8. Nd4
Bg4 9. h3 Bh5 10. Nb5 Be5 11. Qxd8 Rxd8 12. N5c3 Re8 13. Be3 Nc6 14. Rc1 Rad8
15. g4 Bg6 16. Nd2 Bd4 17. Nf1 Ne5 18. Bxd4 Rxd4 19. b3 h6 20. Rd1 Red8 21.
Rxd4 Rxd4 22. Rd1 c5 23. Ng3 Rxd1+ 24. Nxd1 Nc6 25. Nc3 Nb4 26. Kf1 b6 27. Ke1
Kf8 28. Kd2 Ke7 29. a3 e3+ 30. fxe3 Nc2 31. Nf5+ Bxf5 32. gxf5 Nxa3 33. Kc1 a6
34. Bb7 b5 35. Bxa6 b4 36. Na4 Kd6 37. Bb7 g5 38. fxg6 fxg6 39. Bf3 g5 40. Nb6
h5 41. Nd5 Nxd5 42. Bxd5 g4 43. hxg4 hxg4 44. Bb7 Ke5 45. Bc8 g3 46. Bb7 Kd6
47. Bg2 Ke5 48. Bf3 Kf5 49. Bg2 Ke5 50. Bc6 Kd6 51. Bg2 1/2-1/2

[Event "Elit(Vasteras-Rockaden)"]
[Site "?"]
[Date "2010.11.13"]
[Round "4"]
[White "Engqvist, Thomas"]
[Black "Norberg, Erik"]
[Result "1-0"]
[WhiteElo "2452"]
[BlackElo "2259"]
[PlyCount "61"]
[EventDate "2010.??.??"]

1. c4 e5 2. Nc3 Nf6 3. Nf3 Nc6 4. d4 exd4 5. Nxd4 Bb4 6. Bg5 O-O 7. Rc1 Qe7 8.
e3 Qe5 9. Nf3 Qe6 10. Bd3 Ne4 11. O-O Bxc3 12. bxc3 h6 13. Bf4 d6 14. Nd4 Qe8
15. Nb5 Qe7 16. Bxe4 Qxe4 17. Nxc7 Rb8 18. Qd5 Qxd5 19. Nxd5 Rd8 20. c5 Be6 21.
c4 Ne5 22. Rfd1 Bxd5 23. Rxd5 Rbc8 24. Rxd6 Rxd6 25. cxd6 Nd7 26. e4 g5 27. Be3
Rc6 28. c5 f6 29. g3 Kf7 30. Kg2 Ra6 31. Rb1 1-0

[Event "Elit(Vasteras-Rockaden)"]
[Site "?"]
[Date "2010.11.13"]
[Round "4"]
[White "Lejlic, Samir"]
[Black "Backman, Andreas"]
[Result "1-0"]
[WhiteElo "2346"]
[BlackElo "2152"]
[PlyCount "95"]

1. d4 e6 2. e4 d5 3. exd5 exd5 4. c4 Bb4+ 5. Nc3 c6 6. Nf3 Bg4 7. cxd5 Qe7+ 8.
Be3 Nf6 9. dxc6 Nxc6 10. Be2 Nd5 11. Qd2 O-O 12. O-O Nxe3 13. fxe3 Rae8 14. Bb5
Bxc3 15. Qxc3 Rc8 16. Qd2 Nb4 17. Ne5 Rc2 18. Qe1 Be6 19. a3 Qg5 20. Rf2 Rxf2
21. Qxf2 Nd5 22. Re1 Nf6 23. Bd3 Rc8 24. e4 Rc1 25. h4 Rxe1+ 26. Qxe1 Qh5 27.
Be2 Qh6 28. Bf3 Qf4 29. g3 Qh6 30. Qc3 Nd7 31. d5 Nxe5 32. Qxe5 Qc1+ 33. Kh2
Qc2+ 34. Bg2 Bd7 35. Qb8+ Bc8 36. d6 Qc6 37. e5 Qd7 38. Qc7 Kf8 39. Qxd7 Bxd7
40. Bxb7 f6 41. exf6 gxf6 42. Kg2 Kf7 43. Bd5+ Kg6 44. Kf3 Kf5 45. Be4+ Ke5 46.
Bxh7 f5 47. h5 Kxd6 48. Kf4 1-0

[Event "Elit(Vasteras-Rockaden)"]
[Site "?"]
[Date "2010.11.13"]
[Round "4"]
[White "Sandberg, Richard"]
[Black "Hedman, Erik"]
[Result "0-1"]
[WhiteElo "2248"]
[BlackElo "2442"]
[PlyCount "110"]

1. e4 c5 2. Nf3 d6 3. d4 cxd4 4. Nxd4 Nf6 5. Nc3 a6 6. h3 e6 7. g4 d5 8. exd5
Nxd5 9. Ne4 b5 10. Bg2 Ra7 11. O-O Rd7 12. Qe2 Be7 13. a4 b4 14. c4 bxc3 15.
Nxc3 Bb7 16. Nxd5 Bxd5 17. Bxd5 Rxd5 18. Nf3 O-O 19. Bf4 Qb6 20. Rfd1 Rfd8 21.
Rxd5 Rxd5 22. Ne5 Qb3 23. Bg3 Rc5 24. Qd1 Qb7 25. Rc1 Rxc1 26. Qxc1 f6 27. Nd3
Nc6 28. Qc4 Kf7 29. Bf4 Na5 30. Qc3 Qd5 31. Bc7 Nb3 32. Nf4 Qd1+ 33. Kg2 g5 34.
Qd3 Qxd3 35. Nxd3 e5 36. Kf3 Ke6 37. Ke3 Kd5 38. f3 Kc6 39. Bb8 Kb7 40. Nxe5
fxe5 41. Bxe5 Kc6 42. Bc3 Kd5 43. a5 Bd6 44. Kd3 Bf4 45. Bf6 Nxa5 46. h4 h6 47.
hxg5 hxg5 48. Bc3 Nb3 49. Bf6 Nd2 50. Ke2 Kc4 51. Bc3 Nb3 52. Bf6 a5 53. Bc3 a4
54. Bf6 Nc1+ 55. Kd1 Kb3 0-1

[Event "Elit(LASK-Orgryte)"]
[Site "?"]
[Date "2010.11.14"]
[Round "5"]
[White "Grandelius, Nils"]
[Black "Ziegler, Ari"]
[Result "1-0"]
[WhiteElo "2589"]
[BlackElo "2408"]
[PlyCount "153"]

1. c4 Nf6 2. Nc3 g6 3. g3 Bg7 4. Bg2 O-O 5. Nf3 d6 6. O-O Nc6 7. d4 a6 8. h3
Rb8 9. e4 b5 10. e5 Nd7 11. e6 fxe6 12. d5 Na5 13. cxb5 axb5 14. Ng5 Nf6 15.
Nxe6 Bxe6 16. dxe6 b4 17. Ne4 Nxe4 18. Bxe4 c6 19. Qg4 Nc4 20. Qe2 d5 21. Bd3
Ne5 22. Bf4 Rxf4 23. gxf4 Nxd3 24. Qxd3 Qd6 25. f5 gxf5 26. Rae1 Rf8 27. b3 Rf6
28. Kh1 f4 29. Qe2 f3 30. Qe3 Rh6 31. Qxf3 Rxe6 32. Qf5 Rf6 33. Qc8+ Kf7 34.
Re3 d4 35. Rg3 Qd5+ 36. Kh2 Rg6 37. Qa6 Rxg3 38. fxg3+ Bf6 39. Qd3 Kg7 40. Rf4
e5 41. Rg4+ Kh8 42. Re4 Kg7 43. Kg1 h5 44. h4 Qc5 45. Kf2 Qc1 46. Re1 Qb2+ 47.
Kf3 Qxa2 48. Rc1 Qh2 49. Qf5 Qb2 50. Rxc6 Qxb3+ 51. Kg2 Qd5+ 52. Qf3 Qf7 53.
Rb6 Qf8 54. Qxh5 Qc8 55. Qf3 Qc2+ 56. Kh3 Qc8+ 57. g4 Qc3 58. Kg2 Qd2+ 59. Kg1
Qc1+ 60. Kg2 Qd2+ 61. Kg3 Qe1+ 62. Kh3 Qc3 63. Kg2 Qd2+ 64. Kg1 Qc1+ 65. Kh2
Qd2+ 66. Qg2 Qxg2+ 67. Kxg2 Bxh4 68. Rxb4 Bg5 69. Kf3 d3 70. Rb6 d2 71. Rd6 Kf7
72. Ke4 Bf4 73. Kf5 Ke7 74. Rd5 Ke8 75. g5 Ke7 76. g6 Kf8 77. Kf6 1-0

[Event "Elit(LASK-Orgryte)"]
[Site "?"]
[Date "2010.11.14"]
[Round "5"]
[White "Zackrisson, Mattias"]
[Black "Bejtovic, Jasmin"]
[Result "0-1"]
[WhiteElo "2205"]
[BlackElo "2459"]
[PlyCount "130"]

1. e4 c5 2. Nf3 Nc6 3. d3 g6 4. g3 Bg7 5. Bg2 e5 6. O-O Nge7 7. c3 O-O 8. Nh4
d5 9. Nd2 Be6 10. f4 exf4 11. gxf4 f5 12. e5 Qd7 13. Nhf3 h6 14. Nb3 b6 15. d4
c4 16. Nbd2 a5 17. h4 Kh7 18. Kf2 Nd8 19. h5 Nf7 20. Nb1 Rg8 21. Rh1 g5 22.
fxg5 hxg5 23. Bxg5 Bxe5 24. Qd2 Bc7 25. Na3 Qd6 26. Rh3 f4 27. Bxe7 Qxe7 28.
Qc2+ Kh8 29. Rhh1 Qf6 30. Nh4 Rg3 31. Bf3 Ng5 32. Nb5 Nxf3 33. Ng6+ Kg8 34.
Nxc7 Rg2+ 35. Kxg2 Qg5+ 36. Kxf3 Qg3+ 37. Ke2 Qg2+ 38. Ke1 Qxc2 39. Nxe6 Qe4+
40. Kf2 Qe3+ 41. Kg2 Qg3+ 42. Kf1 Qf3+ 43. Kg1 Qe3+ 44. Kg2 Qe2+ 45. Kg1 Qxe6
46. Rh2 Qe3+ 47. Kf1 Qf3+ 48. Kg1 Re8 49. Ne5 Qe3+ 50. Kh1 Qe4+ 51. Kg1 Kh7 52.
Rf1 Rf8 53. Rg2 Qe3+ 54. Rff2 f3 55. Rg4 Rf5 56. Nd7 Rf4 57. Rxf4 Qe1+ 58. Kh2
Qxf2+ 59. Kh3 Qg2+ 60. Kh4 Qh2+ 61. Kg5 Qxf4+ 62. Kxf4 f2 63. Nf6+ Kh8 64. Nxd5
f1=Q+ 65. Ke5 Qe2+ 0-1

[Event "Elit(LASK-Orgryte)"]
[Site "?"]
[Date "2010.11.14"]
[Round "5"]
[White "Lund, Silas"]
[Black "Virolainen, Victor"]
[Result "1-0"]
[WhiteElo "2455"]
[BlackElo "2169"]
[PlyCount "139"]
[SourceDate "2010.11.20"]

1. d4 e6 2. c4 f5 3. g3 Nf6 4. Bg2 d5 5. Nh3 c6 6. O-O Bd6 7. Bf4 Be7 8. Qc2
O-O 9. Nd2 h6 10. Bxb8 Rxb8 11. Nf4 Qe8 12. Nf3 g5 13. Nd3 Bd6 14. Nfe5 Nd7 15.
f4 Bxe5 16. fxe5 Qe7 17. Rac1 Nb6 18. b3 Bd7 19. a4 Na8 20. Nc5 h5 21. Qd2 Be8
22. cxd5 exd5 23. h4 Nc7 24. Bh3 g4 25. Bg2 Ne6 26. Nxe6 Qxe6 27. Rf2 Kg7 28.
Qa5 Qe7 29. Qxa7 Bd7 30. Qc5 Qxc5 31. Rxc5 b6 32. Rc1 Ra8 33. e3 Rfc8 34. Rfc2
Ra5 35. Bf1 c5 36. b4 Rxa4 37. bxc5 bxc5 38. Rxc5 Rxc5 39. Rxc5 Be6 40. Rc7+
Kg6 41. Bb5 Ra1+ 42. Kf2 Ra2+ 43. Ke1 Bf7 44. Rc6+ Kg7 45. e6 Bg6 46. Rc7+ Kf6
47. e7 Ra1+ 48. Kd2 Ra2+ 49. Kd1 Ra1+ 50. Rc1 Rxc1+ 51. Kxc1 Kxe7 52. Kd2 Kd6
53. Kc3 Bf7 54. Kb4 Bg6 55. Ba6 Bf7 56. Bc8 Bg6 57. Kb5 Bh7 58. Kb6 Bg6 59. Ba6
Be8 60. Bb5 Bf7 61. Kb7 Ke7 62. Kc6 Be8+ 63. Kc5 Bf7 64. Bc6 Be6 65. Bxd5 Bc8
66. Bc6 Ba6 67. d5 Be2 68. d6+ Kd8 69. Kd4 Bf3 70. Bb5 1-0

[Event "Elit(LASK-Orgryte)"]
[Site "?"]
[Date "2010.11.14"]
[Round "5"]
[White "Anderzen, Robert"]
[Black "Smith, Axel"]
[Result "0-1"]
[WhiteElo "1716"]
[BlackElo "2521"]
[PlyCount "132"]

1. e4 c5 2. Nf3 e6 3. d4 cxd4 4. Nxd4 Nf6 5. Bd3 Nc6 6. Be3 e5 7. Nxc6 bxc6 8.
c4 d6 9. Qd2 Be7 10. f3 Be6 11. Nc3 O-O 12. O-O Qc7 13. Rfd1 Rfd8 14. Rac1 Qb7
15. Qf2 Rac8 16. b3 Rc7 17. Be2 g6 18. Rd3 Nd7 19. Rcd1 Rf8 20. Bh6 Re8 21. Be3
f6 22. Kh1 Kh8 23. Qh4 Qb8 24. Qf2 Rf8 25. Qg1 Rb7 26. Na4 Qc7 27. R3d2 Bg8 28.
Rc1 Qa5 29. c5 Nxc5 30. Nxc5 dxc5 31. Rdc2 c4 32. Bxc4 Bxc4 33. Rxc4 Qxa2 34.
Rxc6 a5 35. Bc5 Qxb3 36. Bxe7 Rxe7 37. Qc5 Qb4 38. Qxb4 axb4 39. Rb6 Rd8 40.
Rxb4 Rd2 41. Rbc4 Red7 42. Rc8+ Kg7 43. R8c7 f5 44. Kg1 fxe4 45. fxe4 Kf6 46.
Rxd7 Rxd7 47. Kf2 Kg5 48. Ke3 Ra7 49. Rc3 Kg4 50. Rc2 Ra3+ 51. Kf2 h5 52. Rc6
Ra2+ 53. Kf1 g5 54. Rf6 Ra4 55. h3+ Kh4 56. Rf5 Rxe4 57. g3+ Kxg3 58. Rxg5+ Kh4
59. Rg7 Kxh3 60. Kf2 Rg4 61. Rh7 h4 62. Kf3 Rf4+ 63. Ke3 Kg3 64. Rh5 e4 65.
Rg5+ Rg4 66. Rxg4+ Kxg4 0-1

[Event "Elit(LASK-Orgryte)"]
[Site "?"]
[Date "2010.11.14"]
[Round "5"]
[White "Dragicevic, Drazen"]
[Black "Eksmyr, Johan"]
[Result "1/2-1/2"]
[WhiteElo "2349"]
[BlackElo "2165"]
[PlyCount "132"]

1. Nf3 Nf6 2. c4 g6 3. Nc3 d5 4. cxd5 Nxd5 5. e4 Nxc3 6. bxc3 Bg7 7. Bc4 O-O 8.
O-O c5 9. e5 Nc6 10. e6 Bxe6 11. Bxe6 fxe6 12. Qb3 Qd5 13. c4 Rxf3 14. gxf3
Qg5+ 15. Kh1 Na5 16. d4 Nxb3 17. Bxg5 Nxa1 18. Rxa1 Bxd4 19. Rb1 b6 20. Kg2 Kf7
21. a4 Bf6 22. Be3 Bc3 23. Rb3 Bb4 24. Kf1 Rd8 25. Ke2 Kf6 26. Rb1 e5 27. h4
Ke6 28. h5 Rg8 29. hxg6 Rxg6 30. Rh1 Rg7 31. Kd3 Kd6 32. Ke4 Bc3 33. Rh6+ e6
34. f4 Rf7 35. f5 Rxf5 36. Rxh7 a6 37. Ra7 Kc6 38. Re7 Rf6 39. f4 exf4 40. Bxf4
e5 41. Bxe5 Bxe5 42. Rxe5 Rd6 43. Re8 Rd4+ 44. Ke5 a5 45. Re6+ Kb7 46. Re7+ Ka6
47. Re8 Rxc4 48. Kd5 Rh4 49. Kc6 Rh6+ 50. Kc7 Ka7 51. Re4 Rh5 52. Kc6 Rh8 53.
Kb5 Rh6 54. Re7+ Kb8 55. Rg7 Kc8 56. Rf7 Kd8 57. Rg7 Ke8 58. Rc7 Kd8 59. Rg7
Rh2 60. Kxb6 c4 61. Rg3 Rb2+ 62. Kc5 Kc7 63. Rg7+ Kb8 64. Rg8+ Ka7 65. Rg7+ Rb7
66. Rxb7+ Kxb7 1/2-1/2

[Event "Elit(Solna-Vasteras)"]
[Site "?"]
[Date "2010.12.04"]
[Round "5"]
[White "Jonsson, Mikael"]
[Black "Norberg, Johan"]
[Result "0-1"]
[WhiteElo "2344"]
[BlackElo "2344"]
[PlyCount "114"]

1. d4 d6 2. e4 Nf6 3. Nc3 g6 4. f4 Bg7 5. Nf3 c5 6. dxc5 Qa5 7. Bd3 Qxc5 8. Qe2
Bg4 9. Be3 Qa5 10. O-O O-O 11. Kh1 Nc6 12. Qe1 Bxf3 13. Rxf3 d5 14. e5 d4 15.
Bd2 dxc3 16. Bxc3 Qc5 17. exf6 Bxf6 18. Bxf6 exf6 19. Qh4 Kg7 20. Rh3 h5 21. c3
Rae8 22. Rf1 Re3 23. Qf2 Rfe8 24. Rxe3 Rxe3 25. Re1 Rxe1+ 26. Qxe1 Qd5 27. Bb1
h4 28. a3 f5 29. Kg1 Nd8 30. Bc2 Ne6 31. Qe5+ Qxe5 32. fxe5 Nc5 33. Kf2 Nd7 34.
Ke3 Nxe5 35. Kd4 Kf6 36. c4 Ke6 37. c5 Nc6+ 38. Kc4 Ke5 39. b4 f4 40. h3 g5 41.
Bd1 Nd4 42. b5 f5 43. a4 g4 44. hxg4 f3 45. Bxf3 Nxf3 46. gxf5 Nd2+ 47. Kb4
Kxf5 48. a5 Ke6 49. Kc3 Nf3 50. b6 axb6 51. c6 Kd6 52. cxb7 Kc7 53. axb6+ Kxb7
54. Kd3 Ne1+ 55. Ke3 Nxg2+ 56. Kf3 h3 57. Kg3 Nf4 0-1

[Event "Elit(Solna-Vasteras)"]
[Site "?"]
[Date "2010.12.04"]
[Round "5"]
[White "Nilsson, Andre"]
[Black "Bergstrom, Christer"]
[Result "1/2-1/2"]
[WhiteElo "2307"]
[BlackElo "2370"]
[PlyCount "85"]

1. g3 e5 2. Bg2 Nc6 3. d3 d5 4. Nf3 Nf6 5. O-O Be7 6. c3 O-O 7. Nbd2 Re8 8. e4
dxe4 9. dxe4 Bc5 10. b4 Bb6 11. Qe2 Bg4 12. Nc4 Qe7 13. a4 a5 14. b5 Nd8 15. h3
Bxf3 16. Bxf3 Bc5 17. Kh2 b6 18. Ne3 Nb7 19. Bg2 Nd6 20. Nf5 Nxf5 21. exf5 e4
22. Bg5 Qe5 23. Bxf6 Qxf6 24. Qc4 Qxf5 25. Rae1 Rad8 26. Rxe4 Rxe4 27. Bxe4 Qf6
28. Bd5 Kf8 29. Kg2 Qf5 30. Be4 Qe5 31. Bd3 Rd6 32. h4 h6 33. Rd1 Rf6 34. Rf1
g5 35. hxg5 hxg5 36. Be4 Rd6 37. Bd3 Rh6 38. Be4 f5 39. Bd3 g4 40. Bc2 Rh7 41.
Qd3 Rh5 42. Qd8+ Kg7 43. Rd1 1/2-1/2